书目信息 |
| 题名: |
网络传播理论与技术
|
|
| 作者: | 匡文波 著 | |
| 分册: | ||
| 出版信息: | 北京 中国人民大学出版社 2007.11 |
|
| 页数: | 344页 | |
| 开本: | 23cm | |
| 丛书名: | ||
| 单 册: | ||
| 中图分类: | G206 , TP393 | |
| 科图分类: | ||
| 主题词: | 计算机网络--传播学--高等学校--教材 | |
| 电子资源: | ||
| ISBN: | 978-7-300-08150-2 | |
| 000 | 00865nam0 2200253 450 | |
| 001 | 012007124398 | |
| 005 | 20091207095248.20 | |
| 010 | @a978-7-300-08150-2@dCNY35.00 | |
| 100 | @a20080125d2007 em y0chiy0110 ea | |
| 101 | 0 | @achi |
| 102 | @aCN@b110000 | |
| 105 | @aa z 000yy | |
| 106 | @ar | |
| 200 | 1 | @a网络传播理论与技术@9wang luo chuan bo li lun yu ji shu@f匡文波著 |
| 210 | @a北京@c中国人民大学出版社@d2007.11 | |
| 215 | @a344页@c图@d23cm | |
| 300 | @a21世纪新闻传播学系列教材 | |
| 330 | @a本书对网络传播的理论与技术进行了全面的最新研究,分别探讨了网络传播的特点、发展、类型、宏观管理、微观经营、网民特征、移动网络传播、知识产权保护等内容。 | |
| 606 | 0 | @a计算机网络@x传播学@x高等学校@j教材 |
| 690 | @aG206@v4 | |
| 690 | @aTP393@v4 | |
| 701 | 0 | @a匡文波@9kuang wen bo@4著 |
| 801 | 0 | @aCN@bRENTIAN@c20091207 |
| 905 | @b20796585-89@dG206@e304@f5 | |
| 网络传播理论与技术/匡文波著.-北京:中国人民大学出版社,2007.11 |
| 344页:图;23cm |
| 21世纪新闻传播学系列教材 |
| ISBN 978-7-300-08150-2:CNY35.00 |
| 本书对网络传播的理论与技术进行了全面的最新研究,分别探讨了网络传播的特点、发展、类型、宏观管理、微观经营、网民特征、移动网络传播、知识产权保护等内容。 |
| ● |
| 相关链接 |
|
|
|
|
正题名:网络传播理论与技术
索取号:G206/304
 
预约/预借
| 序号 | 登录号 | 条形码 | 馆藏地/架位号 | 状态 | 备注 |
| 1 | 796585 | 207965852 | 第一样本阅览室/ [索取号:G206/304] | 在馆 | |
| 2 | 796586 | 207965861 | 第四借阅区/ [索取号:G206/304] | 在馆 | |
| 3 | 796587 | 207965870 | 第四借阅区/ [索取号:G206/304] | 在馆 | |
| 4 | 796588 | 207965889 | 第四借阅区/ [索取号:G206/304] | 在馆 | |
| 5 | 796589 | 207965898 | 密集书库-文学院/ [索取号:G206/304] | 在馆 |